| 000 | 00720cab a2200253 4500 | ||
|---|---|---|---|
| 001 | ABS50076 | ||
| 008 | 090401t1994 xxu||||| |||| 00| 0 eng d | ||
| 035 | _a(Sirsi) u74029 | ||
| 041 | _aeng | ||
| 100 | _aCurl, R. | ||
| 245 | _aIf the BOOT fits | ||
| 260 | _c1994 | ||
| 350 | _a0 | ||
| 490 |
_aBuilding Market Report _vFebruary 1994, 8-9(2) |
||
| 520 | _aExplains how build, own, operate transfer schemes work and their funding. | ||
| 650 | _aBOOT PROJECTS | ||
| 650 | _aBUILD OWN OPERATE TRANSFER PROJECTS | ||
| 650 | _aBUILDING PROJECTS | ||
| 650 | _aINFRASTRUCTURE PROJECTS | ||
| 650 | _aPRIVATE FINANCE | ||
| 690 | _aBUILT ENVIRONMENT-BUILDING CONTRACT FORMS | ||
| 942 | _n0 | ||
| 948 | _c04/03/1997 | ||
| 999 |
_c46728 _d46728 |
||